Big South-OVC College Football Teams - Statistics

General Stats
  • This quiz has been taken 80 times
    51 since last reset
  • The average score is 6 of 9
Answer Stats
School Team Name/Colors % Correct
Charleston Southern Buccaneers
77%
UT Martin Skyhawks
77%
Western Illinois Leathernecks
77%
Gardner-Webb Runnin' Bulldogs
71%
Tennessee State Tigers
71%
Lindenwood Lions
69%
Eastern Illinois Panthers
63%
Tennessee Tech Golden Eagles
63%
Southeast Missouri State Redhawks
57%
No matching quizzes found
Score Distribution
Percent of People with Each Score
Percentile by Number Answered
Your Score History
You have not taken this quiz since the last reset